Mi lesz a művészettel az ismeretlen nélkül? mesterséges intelligencia a képzőművészetben /
Elmentve itt :
| Szerző: | |
|---|---|
| Testületi szerző: | |
| Dokumentumtípus: | Könyv része |
| Megjelent: |
2018
|
| Sorozat: | Lábjegyzetek Platónhoz
16 Az idegen 16 |
| Kulcsszavak: | Mesterséges intelligencia, Képzőművészet |
| Tárgyszavak: | |
| Online Access: | http://acta.bibl.u-szeged.hu/65150 |
| LEADER | 00915naa a2200241 i 4500 | ||
|---|---|---|---|
| 001 | acta65150 | ||
| 005 | 20220107123147.0 | ||
| 008 | 200312s2018 hu o 0|| hun d | ||
| 020 | |a 978-615-5727-01-6 | ||
| 022 | |a 1785-7082 | ||
| 040 | |a SZTE Egyetemi Kiadványok Repozitórium |b hun | ||
| 041 | |a hun | ||
| 100 | 1 | |a Kántor Ágnes | |
| 245 | 1 | 0 | |a Mi lesz a művészettel az ismeretlen nélkül? |h [elektronikus dokumentum] : |b mesterséges intelligencia a képzőművészetben / |c Kántor Ágnes |
| 260 | |c 2018 | ||
| 300 | |a 344-351 | ||
| 490 | 0 | |a Lábjegyzetek Platónhoz |v 16 | |
| 490 | 0 | |a Az idegen |v 16 | |
| 650 | 4 | |a Bölcsészettudományok | |
| 650 | 4 | |a Filozófia, etika és vallástudományok | |
| 695 | |a Mesterséges intelligencia, Képzőművészet | ||
| 710 | |a Lábjegyzetek Platónhoz : Az idegen (2017) (Szeged) | ||
| 856 | 4 | 0 | |u http://acta.bibl.u-szeged.hu/65150/1/platonhoz_016_344-351.pdf |z Dokumentum-elérés |